[Event "GCT Blitz Paris 2018"]
[Site "Paris FRA"]
[Date "2018.06.24"]
[Round "17.2"]
[White "Caruana, Fabiano"]
[Black "So, Wesley"]
[Result "1/2-1/2"]
[WhiteTitle "GM"]
[BlackTitle "GM"]
[WhiteElo "2816"]
[BlackElo "2778"]
[WhiteFideId "2020009"]
[BlackFideId "5202213"]
[EventDate "2018.06.23"]

1. e4 e5 2. Bc4 Nf6 3. d3 Nc6 4. Nc3 Bb4 5. Ne2 d5 6. exd5 Nxd5 7. O-O Be6 8.
Ne4 Be7 9. Bb3 O-O 10. f4 exf4 11. Nxf4 Nxf4 12. Bxf4 Nd4 13. Bxe6 Nxe6 14. Be5
Qd5 15. Bc3 f5 16. Nd2 Bf6 17. Kh1 Rae8 18. Qf3 Qxf3 19. Nxf3 Bxc3 20. bxc3 g6
21. Rfe1 Kg7 22. Kg1 Nc5 23. Kf2 Kf6 24. Nd4 Ne6 25. a4 Nxd4 26. cxd4 Rxe1 27.
Rxe1 Rd8 28. Rb1 b6 29. Ke3 f4+ 30. Ke4 g5 31. a5 Re8+ 32. Kf3 Re3+ 33. Kf2 h5
34. axb6 axb6 35. Ra1 Re7 36. Ra8 Rd7 37. c3 g4 38. Rf8+ Kg5 39. Rg8+ Kf5 40.
Rf8+ Kg5 41. Rg8+ 1/2-1/2